000 004230000a22001690004500
003 MACL
005 20160106155117.0
008 160106b xxu||||| |||| 00| 0 eng d
040 _aMACL
_cMACL
041 _aEnglish
082 _a900/MAS
100 _aRappoport, S
_928853
245 _aHistory of Egypt
_bvol 3
260 _bThe Grolier Society Ltd
_c1904
_aLondon
650 _aHistory
_928854
942 _cBK
_k900/RAP
_2ddc
999 _c38612
_d38612